Normal view
MARC view
Entry Personal Name
001 - CONTROL NUMBER
- control field: 79444
003 - CONTROL NUMBER IDENTIFIER
- control field: dpl
005 - DATE AND TIME OF LATEST TRANSACTION
- control field: 20250307170637.0
008 - FIXED-LENGTH DATA ELEMENTS
- fixed length control field: 250307|| aca||aabn | a|a d
040 ## - CATALOGING SOURCE
- Original cataloging agency: dpl
- Transcribing agency: dpl
100 ## - HEADING--PERSONAL NAME
- Personal name: दीक्षित , संजीव
670 ## - SOURCE DATA FOUND
- Source citation: Work cat.: (dpl)209849: दीक्षित , संजीव, एस.बी.आई (SBI) क्लर्क (Clerk) जूनियर एसोसिएट्स कस्टमर सपोर्ट मुख्य परीक्षा (फेज- II) 2025 स्टडी गाइड /, 2025
